90's Songs by Lyrics #2 - Statistics

General Stats
  • This quiz has been taken 575 times
  • The average score is 7 of 15
Answer Stats
Lyrics Song % Correct
What's in your head? In your head? Zombie
80%
I'll tell you what I want, what I really, really want Wannabe
78%
I'm a weirdo. What the hell am I doin' here? Creep
77%
That's me in the corner, that's me in the spotlight Losing my Religion
72%
When I'm not with you, I lose my mind, give me a sign ...Baby One More Time
64%
Your brain gets smart, but your head gets dumb All Star
51%
Honey came in and she caught me red-handed creepin' with the girl next door It Wasn't Me
47%
Firstborn unicorn, Hardcore soft-p*rn Californication
37%
And through it all she offers me protection, a lot of love and affection, whether I'm right or wrong Angels
36%
As I want you to be, as a friend, as a friend Come As You Are
30%
I feel it in my fingers, I feel it in my toes Love Is All Around
29%
Music hits me so hard, makes me say "Oh, my lord" U Can't Touch This
21%
Oh, when you walk by every night. Talking sweet and looking fine, I get kinda hectic inside Fantasy
20%
Don't tell me you agree with me. When I saw you kicking dirt in my eye Black or White
16%
Always seem to be governed by this love we have, for useless twisting of our new technology Virtual Insanity
7%
No matching quizzes found
Score Distribution
Percent of People with Each Score
Percentile by Number Answered
Your Score History
You have not taken this quiz